| 000 | 00424nam a2200181Ia 4500 | ||
|---|---|---|---|
| 001 | 15789 | ||
| 005 | 20260306170222.0 | ||
| 008 | 260306t2001||||xx |||||||||||||| ||und|| | ||
| 041 | _aESP | ||
| 082 |
_a620.103 _bB74 |
||
| 100 |
_aBoresi, Arthur P. _eAUT |
||
| 245 | 0 |
_aIngeniería mecánica: _bEstática |
|
| 260 | _c2001 | ||
| 300 |
_a682 páginas : _c |
||
| 650 | _aGEN | ||
| 654 | _aCII | ||
| 942 |
_cLIB _dJUS _fJUS _2ddc _n |
||
| 999 |
_c15789 _d15789 |
||